• 首页
  • 本馆介绍
  • 公告通知
  • 最新文献
  • 馆藏检索
  • 电子资源
  • 读者导购
  • 参考咨询
  • 我的图书馆
  • 登录
  • 详细信息显示
  • 放入我的书架
  • 预约/预借图书
  • 作者相关作品
  • 分类相关作品
  • 丛书相关作品
  • 出版社相关作品

书目信息

  • 表格格式
  • 工作单格式
  • 卡片格式
题名:
世界音乐名家名曲名片
    
 
作者: 宋学军 编著
分册:  
出版信息: 北京   农村读物出版社  2001
页数: 10,434页
开本: 20cm
丛书名:
单 册:
中图分类: J605.1
科图分类:
主题词: 音乐名作--音乐欣赏--世界 , 音乐家--简介--世界
电子资源:
ISBN: 7-5048-3250-2
000 00644nam0 2200217 45
001 012001041687
005 20070103083229.62
010    @a7-5048-3250-2@dCNY23.00
100    @a20010629d2001 em y0chiy0110 ea
101 0  @achi
102    @aCN@b110000
105    @ay z 000yd
200 1  @a世界音乐名家名曲名片@Ashi jie yin le ming jia ming qu ming pian@f宋学军编著@FSong Xue Jun Bian Zhu
210    @a北京@c农村读物出版社@d2001
215    @a10,434页@d20cm
606 0  @a音乐名作@x音乐欣赏@y世界
606 0  @a音乐家@x简介@y世界
690    @aJ605.1@v4
701  0 @a宋学军@4编著
801  0 @aCN@bNLC@c20070103
905    @f1@b344494@dJ605.1@e282
    
    世界音乐名家名曲名片/宋学军编著.-北京:农村读物出版社,2001
    10,434页;20cm
    
    
    ISBN 7-5048-3250-2:CNY23.00
    
●
相关链接 在E读中查询图书 在五车中查询图书 在当当中查询图书 在豆瓣中查询图书


正题名:世界音乐名家名曲名片     索取号:J605.1/282         预约/预借

序号 登录号 条形码 馆藏地/架位号 状态 备注
1 0344494   203444941   第一样本阅览室/ [索取号:J605.1/282] 在馆    
2 0553377   205533779   第一借阅区/ [索取号:J605.1/282] 在馆    
3 0553378   205533788   第一借阅区/ [索取号:J605.1/282] 在馆    
4 0553379   205533797   第一借阅区/ [索取号:J605.1/282] 在馆    
5 0553380   205533804   第一借阅区/ [索取号:J605.1/282] 在馆    
6 0553381   205533813   第一借阅区/ [索取号:J605.1/282] 在馆    
7 0553382   205533822   第一借阅区/ [索取号:J605.1/282] 在馆    
8 0553383   205533831   第一借阅区/ [索取号:J605.1/282] 在馆    
9 0553384   205533840   第一借阅区/ [索取号:J605.1/282] 在馆    
唐山师范学院图书馆 欢迎您!
大连网信软件有限公司© 版权所有